LEADER 01451nam2 22002653i 450 001 SUN0095483 005 20131001100006.54 100 $a20131001d1993 |0itac50 ba 101 $aita 102 $aIT 105 $a|||| ||||| 200 1 $aCodice di procedura penale$enorme di attuazione, di coordinamento e transitorie del codice di procedura penale e delle disposizioni complementari$edecreto legislativo 28 luglio 1989 n. 271, decreto legislativo 28 luglio 1989 n. 272, decreto legislativo 28 luglio 1989 n. 273. ; regolamento per l'esecuzione del codice di procedura penale$ed.m. 30 settembre 1989, n. 334$etesti aggiornati al 30 giugno 1993 205 $aRoma : [s. n.]$b1993 210 $d434 p. ; 24 cm 215 $aFondo Tribunale di Napoli. 461 1$1001SUN0095343$12001 $aQuaderni del Consiglio Superiore della Magistratura$v63$1210 $aRoma$c[s.n.]$1215 $avol.$d24 cm. 606 $aCodice di procedura penale$2FI$3SUNC001944 620 $dRoma$3SUNL000360 712 02$aConsiglio Superiore della Magistratura$3SUNV053918 801 $aIT$bSOL$c20181109$gRICA 912 $aSUN0095483 950 $aUFFICIO DI BIBLIOTECA DEL DIPARTIMENTO DI GIURISPRUDENZA$d00 CONS FTA.124 (63) $e00 FTN4 995 $aUFFICIO DI BIBLIOTECA DEL DIPARTIMENTO DI GIURISPRUDENZA$gFTN$h4$kCONS FTA.124 (63)$op$qa 996 $aCodice di procedura penale$9287430 997 $aUNICAMPANIA LEADER 01236nam 2200457 450 001 9910479937003321 010 $a0-8232-8065-9 010 $a0-8232-7825-5 035 $a(CKB)4340000000210935 035 $a(MiAaPQ)EBC5116531 035 $a(EXLCZ)994340000000210935 100 $a20171128h20182018 uy 0 101 0 $aeng 135 $aurcnu|||||||| 181 $2rdacontent 182 $2rdamedia 183 $2rdacarrier 200 10$aDisappointment $etoward a critical hermeneutics of worldbuilding /$fJarrett Zigon 210 1$aNew York :$cFordham University Press,$d2018. 210 4$dİ2018 215 $a1 online resource (151 pages) 300 $aIncludes index. 311 $a0-8232-7823-9 606 $aHermeneutics 606 $aOntology 606 $aPolitical ethics 606 $aMarginality, Social 608 $aElectronic books. 615 0$aHermeneutics. 615 0$aOntology. 615 0$aPolitical ethics. 615 0$aMarginality, Social. 676 $a320.01/1 700 $aZigon$b Jarrett$0519980 801 0$bMiAaPQ 801 1$bMiAaPQ 801 2$bMiAaPQ 906 $aBOOK 912 $a9910479937003321 996 $aDisappointment$92162211 997 $aUNINA LEADER 01237nam 2200421 450 001 9910795038003321 005 20200520144314.0 010 $a1-5275-0983-4 035 $a(CKB)4340000000265288 035 $a(MiAaPQ)EBC5351342 035 $a(Au-PeEL)EBL5351342 035 $a(CaPaEBR)ebr11547042 035 $a(OCoLC)1032000878 035 $a(PPN)233189238 035 $a(EXLCZ)994340000000265288 100 $a20180622d2017 uy 0 101 0 $aeng 135 $aurcnu|||||||| 181 $ctxt$2rdacontent 182 $cc$2rdamedia 183 $acr$2rdacarrier 200 00$aSamuel Beckett and Europe $ehistory, culture, tradition /$fedited by Michela Bariselli, Niamh M. Bowe, and William Davies 210 1$aNewcastle upon Tyne :$cCambridge Scholars Publishing,$d[2017] 210 4$dİ2017 215 $a1 online resource (193 pages) 311 $a1-4438-9630-6 607 $aEurope$xIn literature 676 $a809.93324 702 $aBariselli$b Michela 702 $aBowe$b Niamh M. 702 $aDavies$b William 801 0$bMiAaPQ 801 1$bMiAaPQ 801 2$bMiAaPQ 906 $aBOOK 912 $a9910795038003321 996 $aSamuel Beckett and Europe$93683243 997 $aUNINA